No hay paraísos sino los perdidos : (Registro nro. 3961)
[ vista simple ]
| 000 -LEADER | |
|---|---|
| fixed length control field | 01176nam a2200265Ia 4500 |
| 003 - CONTROL NUMBER IDENTIFIER | |
| control field | OSt |
| 005 - DATE AND TIME OF LATEST TRANSACTION | |
| control field | 20200423235029.0 |
| 008 - FIXED-LENGTH DATA ELEMENTS--GENERAL INFORMATION | |
| fixed length control field | 191128s2003 ck gr 000 0 spa d |
| 020 ## - INTERNATIONAL STANDARD BOOK NUMBER | |
| International Standard Book Number | 9587013379 |
| 040 ## - CATALOGING SOURCE | |
| Original cataloging agency | CO-JMCR |
| Transcribing agency | CO-JMCR |
| 041 0# - LANGUAGE CODE | |
| Language code of text/sound track or separate title | spa |
| 082 04 - DEWEY DECIMAL CLASSIFICATION NUMBER | |
| Classification number | 324.204 / |
| Item number | R896n |
| Edition number | 23 |
| 100 1# - MAIN ENTRY--PERSONAL NAME | |
| Personal name | Rubio Serrano, Rocío, |
| Relator term | autor |
| 9 (RLIN) | 3500 |
| 245 10 - TITLE STATEMENT | |
| Title | No hay paraísos sino los perdidos : |
| Remainder of title | historia de una red clientelista en Bogotá / |
| Statement of responsibility, etc. | Rocío Rubio Serrano |
| 250 ## - EDITION STATEMENT | |
| Edition statement | Primera edición |
| 260 ## - PUBLICATION, DISTRIBUTION, ETC. | |
| Place of publication, distribution, etc. | Bogotá : |
| Name of publisher, distributor, etc. | Universidad Nacional de Colombia, |
| Date of publication, distribution, etc. | 2003 |
| 300 ## - PHYSICAL DESCRIPTION | |
| Extent | 157 páginas ; |
| Dimensions | 21 cm. |
| 490 0# - SERIES STATEMENT | |
| Series statement | Maestrías |
| 504 ## - BIBLIOGRAPHY, ETC. NOTE | |
| Bibliography, etc. note | bibliografía: páginas 155-157 |
| 505 0# - FORMATTED CONTENTS NOTE | |
| Formatted contents note | La mirada teórica -- La red telesforista y su tejido -- Entornos institucionales, actuaciones telesforistas |
| 520 ## - SUMMARY, ETC. | |
| Summary, etc. | No hay paraíso sino los perdidos es un recorrido por la historia de la red política de Telésforo Pedraza. Una red que entrelaza sectores marginales y populares de Bogotá a partir de un sistema de relaciones asimétricas e intercambios. |
| 650 14 - SUBJECT ADDED ENTRY--TOPICAL TERM | |
| Topical term or geographic name entry element | Tácticas políticas |
| Geographic subdivision | Colombia |
| 9 (RLIN) | 3501 |
| 650 14 - SUBJECT ADDED ENTRY--TOPICAL TERM | |
| Topical term or geographic name entry element | Política y gobierno |
| Geographic subdivision | Colombia |
| 9 (RLIN) | 3502 |
| 942 ## - ADDED ENTRY ELEMENTS (KOHA) | |
| Source of classification or shelving scheme | Dewey Decimal Classification |
| Koha item type | Books |
| Withdrawn status | Lost status | Source of classification or shelving scheme | Damaged status | Not for loan | Collection code | Home library | Current library | Date acquired | Source of acquisition | Cost, normal purchase price | Total Checkouts | Full call number | Barcode | Date last seen | Date last checked out | Copy number | Koha item type |
|---|---|---|---|---|---|---|---|---|---|---|---|---|---|---|---|---|---|
| Dewey Decimal Classification | Non-fiction | Biblioteca Pública José María del Castillo y Rada | Biblioteca Pública José María del Castillo y Rada | 04/15/2018 | Donación | 0.00 | 1 | 324.204 / R896n | 201808763 | 08/12/2024 | 08/12/2024 | Ej.1 | Books |